logo

INSTITUCIONES DE SEGURIDAD SOCIAL | ARRENDAMIENTO URBANO PROPIEDAD HORIZONTAL Y LEGISLACION COMPLEMENTAR (Record no. 29932)

MARC details
000 -CABECERA
campo de control de longitud fija 00876nam a2200313Ia 4500
001 - NÚMERO DE CONTROL
campo de control 18989
005 - FECHA Y HORA DE LA ÚLTIMA TRANSACCIÓN
campo de control 20260407082623.0
008 - CÓDIGOS DE INFORMACIÓN DE LONGITUD FIJA
campo de control de longitud fija 260115s9999 xx 000 0 und d
010 ## - NÚMERO DE CONTROL DE LA BIBLIOTECA DEL CONGRESO
Número de control de LC 29932
035 ## - NÚMERO DE CONTROL DEL SISTEMA
Número de control de sistema 12710
090 ## - LOCALMENTE ASIGNADO TIPO-LC NÚMERO DE CLASIFICACIÓN (OCLC); NÚMERO DE CLASIFICACIÓN LOCAL (RLIN)
Número de clasificación (OCLC) (R) ; Numero de clasificación CALL (RLIN) (NR) 351.84
001 - NÚMERO DE CONTROL
campo de control 19197
008 - CÓDIGOS DE INFORMACIÓN DE LONGITUD FIJA
campo de control de longitud fija 260115s9999 xx 000 0 und d
035 ## - NÚMERO DE CONTROL DEL SISTEMA
Número de control de sistema 12737
090 ## - LOCALMENTE ASIGNADO TIPO-LC NÚMERO DE CLASIFICACIÓN (OCLC); NÚMERO DE CLASIFICACIÓN LOCAL (RLIN)
Número de clasificación (OCLC) (R) ; Numero de clasificación CALL (RLIN) (NR) 347.4
100 ## - PUNTO DE ACCESO PRINCIPAL - NOMBRE DE PERSONA
Nombre de persona ALONSO OLEA MANUEL
100 ## - PUNTO DE ACCESO PRINCIPAL - NOMBRE DE PERSONA
Nombre de persona ARRENDAMIENTO URBANO
245 #0 - MENCIÓN DE TÍTULO
Título INSTITUCIONES DE SEGURIDAD SOCIAL
260 ## - PUBLICACIÓN, DISTRIBUCIÓN, ETC. (PIE DE IMPRENTA)
Lugar de publicación distribución etc. MADRID
Nombre del editor distribuidor etc. CIVITAS S.A.
Fecha de publicación distribución etc. 1985
245 #0 - MENCIÓN DE TÍTULO
Título ARRENDAMIENTO URBANO PROPIEDAD HORIZONTAL Y LEGISLACION COMPLEMENTAR
260 ## - PUBLICACIÓN, DISTRIBUCIÓN, ETC. (PIE DE IMPRENTA)
Lugar de publicación distribución etc. MADRID
Nombre del editor distribuidor etc. CIVITAS S.A.
Fecha de publicación distribución etc. 1986
300 ## - DESCRIPCIÓN FÍSICA
Dimensiones 5 CM
300 ## - DESCRIPCIÓN FÍSICA
Dimensiones 5 CM
630 ## - PUNTO DE ACCESO ADICIONAL DE MATERIA--TÍTULO UNIFORME
Título uniforme ADMINISTRACION PUBLICA Y MILITAR
650 ## - PUNTO DE ACCESO ADICIONAL DE MATERIA--TÉRMINO DE MATERIA
Término de materia o nombre geográfico como elemento inicial PREVISION SEGUROS
630 ## - PUNTO DE ACCESO ADICIONAL DE MATERIA--TÍTULO UNIFORME
Título uniforme DERECHO LEGISLACION JURISPRU.
650 ## - PUNTO DE ACCESO ADICIONAL DE MATERIA--TÉRMINO DE MATERIA
Término de materia o nombre geográfico como elemento inicial DERECHO CIVIL OBLIGACIONES Y CONTRATOS
942 ## - ELEMENTOS DE PUNTO DE ACCESO ADICIONAL (KOHA)
Tipo de ítem Koha Monografías
Holdings
Estado de retiro Estado de pérdida Estado dañado No para préstamo Código de colección Localización permanente Ubicación/localización actual Fecha de adquisición Total de préstamos Signatura topográfica completa Código de barras Fecha visto por última vez Número de copia Precio válido a partir de Tipo de ítem Koha Nota pública
          Servicio de Estudios Históricos Servicio de Estudios Históricos 15/12/2012   351.84 17439 05/02/2026 1 05/02/2026 Monografías 24.5 CM, 540 PG, MADRID